000 02220cam a22004214i 4500
003 PE-LiUPU
005 20250731172753.0
008 1968sp pe a rb 000 0 spa d
035 _aPE-LiUPU12082
040 _aPE-LiUPU
_bspa
_cPE-LiUPU
082 0 4 _a289.92
_bW324l
_223
245 1 0 _aLa verdad que lleva a vida eterna /
_cWatchtower Bible and Tract Society of the New York, INC.
264 1 _aBrooklyn, N.Y. :
_bWatchtower Bible and Tract Society,
_c1968.
300 _a192 páginas ;
_c20 cm
336 _atext
_2rdacontent
337 _aunmediated
_2rdamedia
338 _avolume
_2rdacarrier
505 0 _a¡Se acercan grandiosas bendiciones procedentes de Dios! -- Lo sabio de examinar uno su religión -- ¿Quién es Dios? -- ¿Por qué envejecemos y morimos? -- ¿Dónde están los muertos? -- Jesucristo, el medio que Dios usa para bendecir a la humanidad -- ¿Hay espíritus inicuos? -- ¿Por qué ha permitido Dios la iniquidad hasta nuestro día? -- Por qué un "rebaño pequeño" va al cielo -- El reino de Dios entra en poder en medio de sus enemigos -- Los últimos días de este inicuo sistema de cosas -- Régimen justo hace de la Tierra un paraíso -- La iglesia verdadera y su fundamento -- Cómo identificar la religión verdadera -- "Sálgase de entre ellos" -- Cómo orar y ser oído por Dios -- Obediencia cristiana a la ley -- Respeto piadoso a la vida y la sangre -- Edificando una vida de familia feliz -- Su decisión de servir a Dios -- La adoración verdadera... un camino y modo de vivir.
526 _aSEG42
526 _aSEG41
526 _aSEG40
526 _aSEG39
526 _aP94
526 _aP87
526 _aP86
526 _aP85
526 _aP77
526 _aP76
526 _aP35
610 1 4 _aTestigos de Jehová
_2Doctrinas.
_94356
650 2 4 _aVida cristiana
_xTestigos de Jehová.
_95924
650 2 4 _aReino de Dios
_xTestigos de Jehová.
_95926
650 2 0 _aEscatología
_xTestigos de Jehová.
_95925
710 2 _aInternational Bible Students Association (Brooklyn, New York),
_eautor corporativo.
942 _2ddc
_cBK
980 _81
_gALBERTO SANCHEZ Responsable de Automatización
999 _c2929
_d2929